书目信息 |
| 题名: |
电机常识
|
|
| 作者: | 杨天民 编著 | |
| 分册: | ||
| 出版信息: | 北京 电力工业出版社 1957 |
|
| 页数: | 67页 | |
| 开本: | 20cm | |
| 丛书名: | ||
| 单 册: | ||
| 中图分类: | TM3 | |
| 科图分类: | ||
| 主题词: | 电机 | |
| 电子资源: | ||
| ISBN: | ||
| 000 | 00506nam0 2200193 450 | |
| 001 | 0638620639 | |
| 005 | 20060515104504.21 | |
| 010 | @dCNY0.24 | |
| 100 | @a20060515d1957 km y0chiy0120 ea | |
| 101 | 0 | @achi |
| 102 | @aCN@b110000 | |
| 200 | 1 | @a电机常识@Adian ji chang shi@f杨天民编著@Fyang tian min bian zhu |
| 210 | @a北京@c电力工业出版社@d1957 | |
| 215 | @a67页@d20cm | |
| 606 | 0 | @a电机 |
| 690 | @aTM3@v3 | |
| 701 | 0 | @a杨天民@Ayang tian min@4编著 |
| 801 | 0 | @aCN@bPFT@c20060515 |
| 905 | @a10447@dTM3@e13 | |
| 电机常识/杨天民编著.-北京:电力工业出版社,1957 |
| 67页;20cm |
| ISBN :CNY0.24 |
| ● |
| 相关链接 |
|
|
|
|
正题名:电机常识
索取号:TM3/13
 
预约/预借
| 序号 | 登录号 | 条形码 | 馆藏地/架位号 | 状态 | 备注 |
| 1 | 0015885 | 202340145 | 密集书库/ [索取号:TM3/13] | 在馆 |